000 00870nas a2200313 4500
001 BR7700893
003 BR-BrBNA
005 20231205083059.0
007 ta
008 230509b bl.|||p| |||| 00| 00por d
040 _aBR-BrBNA
_bpor
_cBiblioteca Nacional de Agricultura
041 _a(Pt)
072 _aF06
100 1 _aAraujo, N. de Q.
100 1 _aVisconti, A.S.
100 1 _aCastro, H.F. de
100 1 _aSilva, H.G.B. da
100 1 _aFerraz, M.H.A.
100 1 _aSalles Filho, M.
245 1 _aProducao de biomassa fungica de vinhoto [melaco, mandioca]
650 _aMELACO
650 _aMANDIOCA
650 _aBIOMASSA
650 _aPROTEINA
650 _aFERMENTACAO
773 0 _tBrasil Acucareiro (Brazil)
_xISSN 0006-9167
_g(Dec 1976), v. 88(6) p. 35-45
_wBR7700893
909 _a202311
_bLúcia
_c55
_dLúcia Elande
942 _2AGRIS
_n0
_cANA
999 _c96270
_d96270